Faculty of Law Library — Cairo University

Official Online Catalog

جرائم تقنية المعلومات (دراسة مقارنة) / (Record no. 64007)

MARC details
000 -LEADER
fixed length control field 04884nam a2200493 4500
003 - CONTROL NUMBER IDENTIFIER
control field EG-GICUC
005 - أخر تعامل مع التسجيلة
control field 20260222122711.0
008 - FIXED-LENGTH DATA ELEMENTS--GENERAL INFORMATION
fixed length control field 260222s2025 ua ||||fr|||| 000 0 ara d
040 ## - CATALOGING SOURCE
Original cataloguing agency EG-GICUC
Transcribing agency EG-GICUC
Modifying agency EG-GICUC
Description conventions rda
Language of cataloging: ara
041 0# - LANGUAGE CODE
Language code of text/sound track or separate title ara
Language code of sung or spoken text ara
Language code of summary or abstract ara
049 ## - Acquisition Source
Acquisition Source إيداع
082 04 - DEWEY DECIMAL CLASSIFICATION NUMBER
Classification number 343.46
Edition number 21
097 ## - Degree
Degree Ph.D
099 ## - LOCAL FREE-TEXT CALL NUMBER (OCLC)
Local Call Number Law 10 PHD 2025
100 0# - MAIN ENTRY--PERSONAL NAME
Authority record control number or standard number نورهان محمد محمد الدسوقي الشهاوي
Preparation مؤلف.
245 10 - TITLE STATEMENT
Title جرائم تقنية المعلومات (دراسة مقارنة) /
Statement of responsibility, etc. إعداد نورهان محمد محمد الدسوقي الشهاوي؛ إشراف الأستاذ الدكتور أحمد عوض بلال.
264 #0 - PRODUCTION, PUBLICATION, DISTRIBUTION, MANUFACTURE, AND COPYRIGHT NOTICE
Place of production, publication, distribution, manufacture القاهرة :
Name of producer, publisher, distributor, manufacturer كلية الحقوق - جامعة القاهرة,
Date of production, publication, distribution, manufacture, or copyright notice 2025.
300 ## - PHYSICAL DESCRIPTION
Extent 462 صفحة :
Dimensions 30 سم.
336 ## - CONTENT TYPE
Content type term text
Source rda content
337 ## - MEDIA TYPE
Media type term Computer
Source rda media
338 ## - CARRIER TYPE
Carrier type term Online Resource
Source rda carrier
502 ## - DISSERTATION NOTE
Dissertation note أطروحة (دكتوراة)-جامعة القاهرة، كلية الحقوق، قسم القانون الجنائي، 2025.
504 ## - BIBLIOGRAPHY, ETC. NOTE
Bibliography, etc. note يشتمل على إرجاعات بيبليوجرافية: 393-449
520 3# - SUMMARY, ETC.
Summary, etc. تناولت الباحثة موضوع جرائم تنقية المعلومات دراسة مقارنة من خلال تقسيمها إلى مقدمة وفصل تمهيدي وباببين رئيسين وخاتمة<br/>وقد تناولت الباحثة في المقدمة موضوع الدراسة ثم أوضحت أهمية تلك الدراسة ومنهج الدراسة وأخيرا خطة الدراسة .<br/>وأما عن الفصل التمهيدي : فتناولت فيه الباحثة موضوع ماهية جرائم تقنية المعلومات وذلك في مبحثين عرضت في المبحث الأول : التعريف جرائم تقنية المعلومات وخصصت المبحث الثانى الدراسة خصائص جرائم تقنية المعلومات والمجرم المعلوماتي<br/><br/>وأما في الباب الأول فتناولت فيه الباحثة : أحكام التجريم في قانون<br/><br/>مكافحة جرائم تقنية المعلومات وذلك في ثلاثة فصول عرضت في الأول منها الجرائم الاعتداء على أنظمة وتقنيات المعلومات وخصصت الفصل الثاني الدراسة : جرائم الاعتداء على الحق في الخصوصية وبيانات المستخدمين ، وعرضت في الفصل الثالث : جرائم حماية الأجهزة والأدلة والمواقع.<br/>وعقب ذلك تناولت الباحثة في خاتمة الرسالة مجموعة من النتائج والتوصيات .
520 3# - SUMMARY, ETC.
Summary, etc. The topic of information laundering crimes is a comparative study divided into an introduction, an introductory chapter, the main chapters, and a conclusion.<br/>The topic of the study was discussed in the introduction, followed by an explanation of the importance of the study and the research methodology, and finally, the study plan.<br/><br/>As for the introductory chapter: the subject of information technology crimes will be discussed in two sections: the first section will define information technology crimes, and the second section will focus on studying the characteristics of information technology crimes and information criminals.<br/><br/>As for the first section, it discusses the criminal provisions in the Law on Combating Information Technology Crimes. It is presented in three chapters: the first chapter covers crimes against information systems and technologies; the second chapter is dedicated to studying crimes against the right to privacy and users' data; and the third chapter covers crimes against the protection of devices, evidence, and locations After that, the discussion at the end of the message was about my results and recommendations.
546 ## - LANGUAGE NOTE
Text Language النص بالعربية والملخص باللغة الإنجليزية والعربية.
650 04 - SUBJECT ADDED ENTRY--TOPICAL TERM
Topical term or geographic name entry element القانون الجنائي
653 #0 - INDEX TERM--UNCONTROLLED
Uncontrolled term بيانات المستخدمين
653 #0 - INDEX TERM--UNCONTROLLED
Uncontrolled term الحق في الخصوصية
653 #0 - INDEX TERM--UNCONTROLLED
Uncontrolled term الحسابات الإلكترونية
653 #0 - INDEX TERM--UNCONTROLLED
Uncontrolled term المحتوى غير المشروع
653 #0 - INDEX TERM--UNCONTROLLED
Uncontrolled term البريد الإلكترونى
653 #0 - INDEX TERM--UNCONTROLLED
Uncontrolled term سلامة البيانات
653 #0 - INDEX TERM--UNCONTROLLED
Uncontrolled term الجرائم الإلكترونية
653 #0 - INDEX TERM--UNCONTROLLED
Uncontrolled term نظم الاتصالات
653 #0 - INDEX TERM--UNCONTROLLED
Uncontrolled term تقنية المعلومات
655 #4 - INDEX TERM--GENRE/FORM
Genre/form data or focus term رسائل جامعية
Geographic subdivision جامعة القاهرة
700 0# - ADDED ENTRY--PERSONAL NAME
Personal name أحمد عوض بلال
Relator term مشرف.
710 2# - ADDED ENTRY--CORPORATE NAME
Corporate name or jurisdiction name as entry element جامعة القاهرة
Subordinate unit كلية الحقوق
856 ## - ELECTRONIC LOCATION AND ACCESS
Uniform Resource Identifier <a href="https://fll.law.cu.edu.eg/fulltext/th/T10-04327.pdf">https://fll.law.cu.edu.eg/fulltext/th/T10-04327.pdf</a>
900 ## - Thesis Information
Grant date 2025
Universities جامعة القاهرة
Faculties كلية الحقوق
Department قسم القانون الجنائي
905 ## - Cataloger and Reviser Names
Cataloger Name: Hoda
942 ## - ADDED ENTRY ELEMENTS (KOHA)
Source of classification or shelving scheme Dewey Decimal Classification
Suppress in OPAC No
Koha item type Thesis
Edition 21
Holdings
Source of classification or shelving scheme Collection Home library Current library Date acquired Full call number Barcode Date last seen Copy number Effective from Koha item type
Dewey Decimal Classification القانون الجنائي جــــامعة القــاهرة مكتبة كلية الحقوق - المبنى الرئيسي 22.02.2026 Law1 10 PHD 2025 1004327 C1 T10-04327 22.02.2026 1 22.02.2026 Thesis
Dewey Decimal Classification القانون الجنائي جــــامعة القــاهرة مكتبة كلية الحقوق - المبنى الرئيسي 22.02.2026 Law1 10 PHD 2025 1004328 C2 T10-04328 22.02.2026 2 22.02.2026 Thesis
Dewey Decimal Classification القانون الجنائي جــــامعة القــاهرة مكتبة كلية الحقوق - فـرع الشيخ زايد 22.02.2026 Law2 10 PHD 2025 1004329 C3 T10-04329 22.02.2026 3 22.02.2026 Thesis

© All rights reserved — Faculty of Law, Cairo University